Most populated Countries beginning with the letter B - Statistics

General Stats
  • This quiz has been taken 19 times
  • The average score is 4 of 5
Answer Stats
Population Answer % Correct
212,812m Brazil
100%
175,686m Bangladesh
94%
24,074m Burkina Faso
88%
14,814m Benin
81%
14,390m Burundi
81%
No matching quizzes found
Score Distribution
Percent of People with Each Score
Percentile by Number Answered
Your Score History
You have not taken this quiz